000 00561nam a22002057a 4500
003 OSt
005 20160323135507.0
008 160303b xxu||||| |||| 00| 0 eng d
020 _a 978-0077729141
020 _a 0077729145
040 _a13978007328545
_cDDC
082 _a657.45 WHI 2006.
100 _aWhitting,O.Ray;
_97066
245 _aPrinciples of Auditing and other Assurance Services.
260 _aNew York,
_bMcGraw-Hill,
_c2006.
300 _a7-30p;
_bill;
_c28cm
504 _aincludes index.
650 _aCommerce.
_97067
942 _2ddc
_cSLOAN
999 _c3162
_d3162